| 000 | 00479nam a2200205Ia 4500 | ||
|---|---|---|---|
| 005 | 20240823050242.0 | ||
| 008 | 240823s9999||||xx |||||||||||||| ||und|| | ||
| 020 | _a978-0-230-32783-2 | ||
| 041 | _aENGLISH | ||
| 082 | _A658.452 P9 | ||
| 100 | _aJoan Van Emden | ||
| 245 | 0 | _aPresentation Skills for Students | |
| 250 | _a1st | ||
| 260 |
_c2009 _bPal |
||
| 500 | _aYES | ||
| 650 |
_aPresentation _bGeneral |
||
| 700 | _a Lucinda Becker | ||
| 942 | _cBK | ||
| 999 |
_c216824 _d216824 |
||